000 01080cam a22002174a 4500
005 20250605164048.0
008 250528s ||||||||||||||||||||||||d
035 _a17194
020 _a1852785896
040 _aGR-AtMCL
_bgre
_dGR-AtMCL
_eAACR2
245 1 _aThe Political Economy of Integration in the European Community / Second Edition
250 _a2nd
260 _c1992
300 _a290
520 _aThis book provides detailed coverage of the key areas of economic activity. Preface, Abbreviations, Introduction, Organizational Stepping Stones, The Structure and Operation of Community Institutions, Free Trade and the Customs Union and Internal Market, Agriculture and Fisheries, Industrial and Technological Policies, Regional and Social Problems and Policies, Monetary Integration, Fiscal Policy: Taxation and the Community Budget, World-Wide Trading Links, Enlargement and Integration: Prospect and Retrospect, Bibliography, Index.
700 1 _aEdward Elgar
_932
700 1 _aHarrop Jeffrey
_93353
942 _cBK
999 _c2628
_d2628